000 00460nam a2200169Ia 4500
003 GCL
008 140319s9999 xx 000 0 eng d
040 _aGCL /
_cGCL
082 0 4 _a724.9
_bP M
100 1 _aPAPADAKIS, ANDREAS
245 1 0 _aMODERN PLURALISM: JUST EXACTLY WHAT IS GOING ON ? /
_cPAPADAKIS, ANDREAS
260 _a[S.N] :
_bACADEMY EDITIONS ،
_c1991
300 _a96 P
650 0 4 _aMODERN PLURALISM
650 0 4 _aPLURALISM
942 _2ddc
_cBK
999 _c11340
_d11340